[Event "BAN-chT"]
[Site "Dhaka"]
[Date "2019.12.16"]
[Round "10.2"]
[White "Subedi, Rajan"]
[Black "Swarnavo, Choudhury"]
[Result "1/2-1/2"]
[WhiteElo "1949"]
[BlackElo "1840"]
[PlyCount "62"]
[EventDate "2019.12.07"]
[EventType "team-tourn"]
[EventRounds "11"]
[EventCountry "BAN"]
[SourceTitle "CBM 194 Extra"]
[Source "ChessBase"]
[SourceDate "2020.03.31"]
[SourceVersion "1"]
[SourceVersionDate "2020.03.31"]
[SourceQuality "1"]
[WhiteTeam "Sultana Kamal Smirity Patahgar"]
[BlackTeam "Access"]
[WhiteTeamCountry "BAN"]
[BlackTeamCountry "BAN"]

1. e4 c5 2. Nf3 e6 3. c4 d5 4. exd5 exd5 5. d4 Nf6 6. Be2 Nc6 7. 0-0 Be7 8. Nc3 0-0 9. cxd5 Nxd5 10. Nxd5 Qxd5 11. dxc5 Qxd1 12. Rxd1 Bxc5 13. h3 h6 14. Bf4 Be6 15. Rac1 Be7 16. Bc4 Bxc4 17. Rxc4 Rfd8 18. Re1 Bd6 19. a3 Bxf4 20. Rxf4 Re8 21. Kf1 Rad8 22. Rfe4 Rxe4 23. Rxe4 Rd1+ 24. Re1 Rxe1+ 25. Kxe1 Kf8 26. Kd1 Ke7 27. Kd2 Kd7 28. Kd3 Kd6 29. Nd4 Nxd4 30. Kxd4 a6 31. g3 g6 1/2-1/2

[Event "BAN-chT"]
[Site "Dhaka"]
[Date "2019.12.15"]
[Round "9.3"]
[White "Islam, Khandaker Aminul"]
[Black "Subedi, Rajan"]
[Result "1-0"]
[WhiteElo "2206"]
[BlackElo "1949"]
[PlyCount "75"]
[EventDate "2019.12.07"]
[EventType "team-tourn"]
[EventRounds "11"]
[EventCountry "BAN"]
[SourceTitle "CBM 193 Extra"]
[Source "ChessBase"]
[SourceDate "2020.01.31"]
[SourceVersion "1"]
[SourceVersionDate "2020.01.31"]
[SourceQuality "1"]
[WhiteTeam "Bangladesh Navy"]
[BlackTeam "Sultana Kamal Smirity Patahgar"]
[WhiteTeamCountry "BAN"]
[BlackTeamCountry "BAN"]

1. d4 d5 2. Bf4 c5 3. e3 Nc6 4. c3 Qb6 5. Qb3 c4 6. Qc2 Bf5 7. Qxf5 Qxb2 8. Qxd5 Qxa1 9. Qb5 0-0-0 10. Bxc4 e5 11. Ne2 exf4 12. 0-0 Bb4 13. Qf5+ Kb8 14. Qc2 fxe3 15. fxe3 Bd6 16. Nd2 Qxf1+ 17. Nxf1 Nh6 18. e4 f6 19. Qb2 Rhe8 20. Bb5 Rc8 21. d5 Ne5 22. Bxe8 Rxe8 23. h3 Nhf7 24. Nd2 Bc5+ 25. Nd4 Nd6 26. Qb1 a6 27. Kh1 g5 28. Ne6 Be3 29. Nf3 h5 30. Nxe5 fxe5 31. Qb4 Nf7 32. g3 h4 33. g4 Ka7 34. c4 Nd8 35. Ng7 Rg8 36. Qe7 Bf4 37. c5 Kb8 38. Nf5 1-0

[Event "BAN-chT"]
[Site "Dhaka"]
[Date "2019.12.14"]
[Round "8.1"]
[White "Subedi, Rajan"]
[Black "Murshed, Niaz"]
[Result "0-1"]
[WhiteElo "1949"]
[BlackElo "2413"]
[PlyCount "80"]
[EventDate "2019.12.07"]
[EventType "team-tourn"]
[EventRounds "11"]
[EventCountry "BAN"]
[SourceTitle "CBM 193 Extra"]
[Source "ChessBase"]
[SourceDate "2020.01.31"]
[SourceVersion "1"]
[SourceVersionDate "2020.01.31"]
[SourceQuality "1"]
[WhiteTeam "Sultana Kamal Smirity Patahgar"]
[BlackTeam "Bangladesh Police"]
[WhiteTeamCountry "BAN"]
[BlackTeamCountry "BAN"]

1. e4 c5 2. Nf3 Nc6 3. d4 cxd4 4. Nxd4 Qc7 5. Nc3 e6 6. Be3 a6 7. Be2 Nf6 8. 0-0 Bb4 9. f3 0-0 10. Nxc6 bxc6 11. Na4 Rb8 12. Kh1 d5 13. exd5 Nxd5 14. Qd3 Bd6 15. Bg1 Rb4 16. Bc5 Rxa4 17. Bxd6 Qxd6 18. c4 Rb4 19. b3 a5 20. Rac1 Ba6 21. Qd1 Qe5 22. cxd5 Qxe2 23. Qxe2 Bxe2 24. Rfe1 Bb5 25. dxc6 Rc8 26. c7 Kf8 27. Rc3 a4 28. Rd1 Ke7 29. Kg1 axb3 30. axb3 Ba6 31. Kf2 Bb7 32. Ke3 Bd5 33. Rdd3 Kd6 34. Kd2 Rxc7 35. Rxc7 Kxc7 36. Kc2 g5 37. g3 h5 38. Kb2 Kd6 39. Ka3 Rb8 40. Rc3 Ke5 0-1

[Event "BAN-chT"]
[Site "Dhaka"]
[Date "2019.12.12"]
[Round "6.2"]
[White "Subedi, Rajan"]
[Black "Mehdi, Hasan Parag"]
[Result "0-1"]
[WhiteElo "1949"]
[BlackElo "2169"]
[PlyCount "104"]
[EventDate "2019.12.07"]
[EventType "team-tourn"]
[EventRounds "11"]
[EventCountry "BAN"]
[SourceTitle "CBM 193 Extra"]
[Source "ChessBase"]
[SourceDate "2020.01.31"]
[SourceVersion "1"]
[SourceVersionDate "2020.01.31"]
[SourceQuality "1"]
[WhiteTeam "Sultana Kamal Smirity Patahgar"]
[BlackTeam "Titas CC"]
[WhiteTeamCountry "BAN"]
[BlackTeamCountry "BAN"]

1. e4 c6 2. d4 d5 3. Nc3 dxe4 4. Nxe4 Bf5 5. Ng3 Bg6 6. Nf3 e6 7. h4 h6 8. Bd3 Bxd3 9. Qxd3 Nf6 10. Bd2 Be7 11. 0-0-0 0-0 12. Kb1 c5 13. Ne4 Nc6 14. Nxf6+ Bxf6 15. dxc5 Qxd3 16. cxd3 Rfd8 17. Bc3 Rd5 18. Bxf6 gxf6 19. d4 Rad8 20. Rc1 Kf8 21. a3 a5 22. Kc2 Nxd4+ 23. Nxd4 Rxc5+ 24. Kb3 a4+ 25. Kb4 Rxc1 26. Nxe6+ fxe6 27. Rxc1 Rd2 28. Rc8+ Ke7 29. Kc3 Rxf2 30. Rc7+ Kd6 31. Rxb7 Rxg2 32. Rb4 Rg3+ 33. Kc2 f5 34. Rxa4 e5 35. Ra6+ Kd5 36. Rxh6 Kd4 37. Rd6+ Ke4 38. a4 f4 39. a5 Rg2+ 40. Kc3 f3 41. Rf6 f2 42. a6 Ke3 43. b4 Rg6 44. Rxg6 f1Q 45. Rd6 e4 46. h5 Qb5 47. Kb3 Qxh5 48. Ka4 Qe5 49. Rc6 Kd2 50. b5 e3 51. Kb4 e2 52. a7 Qd4+ 0-1

[Event "BAN-chT"]
[Site "Dhaka"]
[Date "2019.12.09"]
[Round "3.4"]
[White "Kovalev, Vladislav"]
[Black "Subedi, Rajan"]
[Result "1-0"]
[WhiteElo "2662"]
[BlackElo "1949"]
[PlyCount "65"]
[EventDate "2019.12.07"]
[EventType "team-tourn"]
[EventRounds "11"]
[EventCountry "BAN"]
[SourceTitle "CBM 193 Extra"]
[Source "ChessBase"]
[SourceDate "2020.01.31"]
[SourceVersion "1"]
[SourceVersionDate "2020.01.31"]
[SourceQuality "1"]
[WhiteTeam "Saif Sporting Club"]
[BlackTeam "Sultana Kamal Smirity Patahgar"]
[WhiteTeamCountry "BAN"]
[BlackTeamCountry "BAN"]

1. e4 e5 2. Nf3 Nc6 3. Bb5 a6 4. Ba4 Nf6 5. 0-0 Nxe4 6. d4 b5 7. Bb3 d5 8. dxe5 Be6 9. Qe2 Bc5 10. Nbd2 Nxd2 11. Qxd2 0-0 12. Qc3 Qe7 13. Bg5 f6 14. exf6 gxf6 15. Be3 Bxe3 16. Qxc6 Bb6 17. Rae1 Rae8 18. Rxe6 Qd8 19. Rxe8 Rxe8 20. Qxd5+ Qxd5 21. Bxd5+ Kg7 22. Re1 Rd8 23. Bb7 a5 24. Bc6 b4 25. b3 h5 26. g3 Rd6 27. Bb5 Rd5 28. Re7+ Kf8 29. Re8+ Kf7 30. Bc4 Kxe8 31. Bxd5 Ke7 32. Kf1 Kd6 33. Bf7 1-0

[Event "BAN-chT"]
[Site "Dhaka"]
[Date "2019.12.07"]
[Round "1.3"]
[White "Kulkarni, Rakesh"]
[Black "Subedi, Rajan"]
[Result "1-0"]
[WhiteElo "2334"]
[BlackElo "1949"]
[PlyCount "83"]
[EventDate "2019.12.07"]
[EventType "team-tourn"]
[EventRounds "11"]
[EventCountry "BAN"]
[SourceTitle "CBM 193 Extra"]
[Source "ChessBase"]
[SourceDate "2020.01.31"]
[SourceVersion "1"]
[SourceVersionDate "2020.01.31"]
[SourceQuality "1"]
[WhiteTeam "Sheikh Russel"]
[BlackTeam "Sultana Kamal Smirity Patahgar"]
[WhiteTeamCountry "BAN"]
[BlackTeamCountry "BAN"]

1. e4 e5 2. Nf3 Nc6 3. d4 exd4 4. Nxd4 Bc5 5. Nb3 Bb6 6. Nc3 Nf6 7. Qe2 Qe7 8. Bg5 d6 9. Nd5 Qe6 10. Bxf6 gxf6 11. 0-0-0 f5 12. Qf3 fxe4 13. Nf6+ Ke7 14. Nxe4 Qf5 15. Qc3 Be6 16. Bd3 Rag8 17. g3 Qe5 18. Qd2 Kd7 19. Rhe1 Kc8 20. f4 Qg7 21. Bb5 Bg4 22. Bxc6 Bxd1 23. Bxb7+ Kxb7 24. Qd5+ Kb8 25. Nxd6 c6 26. Qxc6 f6 27. Rxd1 Qc7 28. Qd5 Rd8 29. c4 Rd7 30. c5 Rhd8 31. Kb1 a5 32. a4 Ba7 33. Ka2 Rc8 34. Qc4 Qc6 35. Rd5 Ka8 36. Nxa5 Qc7 37. Nxc8 Qxc8 38. Rxd7 Qxd7 39. Qe4+ Kb8 40. Nc6+ Ka8 41. Nb4+ Kb8 42. Na6+ 1-0